[Event "Titled Tuesday intern op 2nd Dec"]
[Site "Chess.com INT"]
[Date "2017.12.05"]
[Round "2"]
[White "Rivas Picazo, Luis Manuel"]
[Black "Vitenberg, Noam Aviv"]
[Result "0-1"]
[WhiteElo "1717"]
[BlackElo "1937"]
[PlyCount "84"]
[EventDate "2017.12.05"]
[EventType "swiss (blitz)"]
[EventRounds "10"]
[EventCountry "USA"]
[SourceTitle "EXT 2021"]
[Source "ChessBase"]
[SourceDate "2020.10.23"]
[SourceVersion "1"]
[SourceVersionDate "2020.10.23"]
[SourceQuality "1"]

1. e4 g6 2. f4 d5 3. e5 h5 4. Nf3 Nh6 5. h3 Bg7 6. d4 e6 7. Be3 Nf5 8. Bf2 b6 9. Bd3 Nd7 10. c3 c5 11. Na3 cxd4 12. Nb5 dxc3 13. Bxf5 gxf5 14. Nd6+ Kf8 15. bxc3 Qc7 16. Bd4 Bh6 17. 0-0 Ba6 18. Ng5 Bxg5 19. fxg5 Bxf1 20. Qxf1 Nc5 21. g6 fxg6 22. Qf4 Ne4 23. Qh4 Qe7 24. Qe1 h4 25. a4 Rh7 26. a5 bxa5 27. Rxa5 Nxd6 28. exd6 Qd8 29. c4 dxc4 30. Qe5 Kf7 31. Rc5 Rc8 32. Ra5 Kf8 33. Rxa7 Rxa7 34. Qh8+ Kf7 35. Qg7+ Ke8 36. Qxg6+ Kd7 37. Qf7+ Kxd6 38. Qxa7 c3 39. Qa3+ Kd5 40. Bxc3 Qb6+ 41. Kh2 Qc7+ 42. Kg1 Qxc3 0-1